Sportcélú utazások hazánkban, fókuszban Budapest sportturizmusa

Bibliográfiai részletek
Szerző: Illényi Nikoletta Katalin
További közreműködők: Barka Nikoletta
Dokumentumtípus: Diplomadolgozat
Kulcsszavak:Budapest
sportrendezvények
sportturisták
sportturizmus
turizmus
Online Access:http://dolgozattar.uni-bge.hu/59498

MARC

LEADER 00000nta a2200000 i 4500
001 dolg59498
005 20260409145139.0
008 260409suuuu hu om 000 hun d
040 |a BGE Dolgozattár Repozitórium  |b hun 
041 |a hu 
100 1 |a Illényi Nikoletta Katalin 
245 1 0 |a Sportcélú utazások hazánkban, fókuszban Budapest sportturizmusa  |c Illényi Nikoletta Katalin  |h [elektronikus dokumentum] 
520 3 |a A dolgozat azt vizsgálja, hogy milyen kínálattal és lehetőségekkel rendelkezik napjainkban Magyarország, illetve elsősorban Budapest sportturizmusa. Továbbá a sportturisták sajátosságait elemzi, annak érdekében, hogy megérthessük jellemzően kik és milyen sporttal kapcsolatos motivációkkal utaznak Magyarországon. A dolgozat kiemelten fókuszál Budapest sportturizmusára, így a fogalmi meghatározások tisztázása és Magyarország sportturisztikai kínálatának feltérképezése után, a főváros sportrendezvényeit és az ahhoz kapcsolódó sportcélú utazásokat vizsgálja két féle aspektusból: a nemzetközi jelentőségű megasportrendezvények és az aktív résztvevőket is vonzó szabadidős tömegsport-rendezvények. Részletesebben elemzi a fővárosban, illetve közvetlen környezetében megrendezésre kerülő sporteseményeket, továbbá azokat az utóbbi években történő fejlesztéseket, amelyek annak a céljából valósultak meg, hogy bizonyos sportrendezvények megrendezésre kerülhessenek, vagy a már megrendezésre kerülő események színvonalát emeljék. Megvizsgálja, a nagyobb sportrendezvények hatásait a főváros turizmusára, illetve kutatja, hogy ezek a hatások értelmezhetőek-e hosszú távon is, vagy csak alkalomszerűen és rövidtávon realizálódnak. Továbbá a nagy mennyiségű nemzetközi sportverseny között kutatja a főváros tömegsport-rendezvényeit, illetve azoknak esetleges fejlesztési lehetőségeit. 
695 |a Budapest 
695 |a sportrendezvények 
695 |a sportturisták 
695 |a sportturizmus 
695 |a turizmus 
700 1 |a Barka Nikoletta  |e ths 
856 4 0 |u http://dolgozattar.uni-bge.hu/59498/1/BGE_szakdolgozat_Illenyi_Nikoletta_.pdf  |z Dokumentum-elérés 
856 4 0 |u http://dolgozattar.uni-bge.hu/59498/2/Ill%C3%A9nyi%20Nikoletta_konzulens_Barka%20Nikoletta.pdf  |z Dokumentum-elérés 
856 4 0 |u http://dolgozattar.uni-bge.hu/59498/3/Ill%C3%A9nyi%20Nikoletta%20Katalin_opponens_%C5%90ry%20Kinga.pdf  |z Dokumentum-elérés